Caballo de Troya 2 : (Registro nro. 30464)

Detalles MARC
000 -LÍDER
campo de control de longitud fija 01250nam a22002417a 4500
005 - FECHA Y HORA DE LA ÚLTIMA
campo de control 20250410150522.0
008 - ELEMENTOS DE DATOS DE LONGITUD FIJA - INFORMACIÓN GENERAL
campo de control de longitud fija 231215b |||||||| |||| 00| 0 eng d
020 ## - NÚMERO INTERNACIONAL NORMALIZADO DEL LIBRO
Número de libro estándar internacional 958602363X
037 ## - FUENTE DE ADQUISICIÓN
Materials specified Donación
040 ## - FUENTE DE CATALOGACIÓN
Agencia de catalogación original CO-JMCR
Agencia de transcripción CO-JMCR
Agencia modificadora CO-JMCR
Convenciones de descripción rda
041 ## - CÓDIGO DE IDIOMA
Código de idioma del texto/pista de sonido o título independiente spa
082 ## - NÚMERO DE CLASIFICACIÓN DECIMAL DEWEY
Número de edición 23
Número de clasificación A-N
Número de artículo BENc
100 ## - ENTRADA PRINCIPAL - NOMBRE PERSONAL
Nombre personal Benítez, Juan José
Término relativo Autor
9 (RLIN) 43039
245 ## - DECLARACIÓN DEL TÍTULO
Título Caballo de Troya 2 :
Resto del título Masada /
Declaración de responsabilidad, etc. J.J. Benitez
260 ## - PUBLICACIÓN, DISTRIBUCIÓN, ETC.
Lugar de publicación, distribución, etc. Bogotá :
Nombre del editor, distribuidor, etc. Printer Colombia,
Fecha de publicación, distribución, etc. 1986
300 ## - DESCRIPCIÓN FÍSICA
Medida 445 páginas
Dimensiones 20 cm
490 ## - DECLARACIÓN DE LA SERIE
Declaración de serie Caballo de Troya
520 ## - RESUMEN, ETC.
Resumen, etc Esta novela narra los acontecimientos que tuvieron lugar en Jerusalén y Masada durante los últimos meses del año 30 d.C., año en el que se cree que tuvo lugar la crucifixión de Jesús de Nazaret. relata los acontecimientos más importantes de la vida de Jesús durante este período, incluyendo sus apariciones a los discípulos, su ascensión al cielo y la destrucción de Jerusalén. La novela también explora temas como la naturaleza de la divinidad, el significado de la vida y la muerte, y la relación entre la ciencia y la religión.
650 ## - ENTRADA AÑADIDA DE ASUNTO - TÉRMINO TEMÁTICO
Fuente del encabezado o término JMCR
-- Jesucristo
Subdivisión de formulario Novela
9 (RLIN) 43040
650 ## - ENTRADA AÑADIDA DE ASUNTO - TÉRMINO TEMÁTICO
Fuente del encabezado o término JMCR
-- Novela histórica
9 (RLIN) 186
650 ## - ENTRADA AÑADIDA DE ASUNTO - TÉRMINO TEMÁTICO
Fuente del encabezado o término JMCR
-- Novela española
942 ## - ELEMENTOS DE ENTRADA AÑADIDOS (KOHA)
Source of classification or shelving scheme Dewey Decimal Classification
Tipo de artículo Koha Books
999 ## -
-- 30464
-- 16848
Existencias
Estado retirado